Statistics for Cars from the 70's and 80's

Click here to take the quiz!

General Stats

  • This quiz has been taken 73 times
  • The average score is 12 of 23

Answer Stats

ModelMake% Correct
GranadaFord
91%
E-typeJaguar
88%
QuattroAudi
81%
CoronaToyota
75%
TR7Triumph
66%
X1/9Fiat
64%
ImpHillman
63%
SunnyDatsun
58%
Ami 8Citroen
53%
NivaLada
53%
FuegoRenault
53%
MondialFerrari
52%
InterceptorJensen
52%
VictorVauxhall
52%
MaxiAustin
48%
AsconaOpel
48%
MulsanneBentley
45%
ItalMorris
42%
EuropaLotus
39%
ScimitarReliant
38%
SapporoMitsubishi
28%
Ro80NSU
25%
TagoraTalbot
22%

Score Distribution

Percentile by Number Answered

Percent of People with Each Score

Your Score History

You have not taken this quiz